000 01330nam a2200265Ia 4500
003 OSt
005 20200811153024.0
008 191128s2007 c fr 000 0 s d
020 _a9789588295633
040 _aCO-JMCR
_cCO-JMCR
041 0 _aspa
082 0 4 _a343.2 /
_bG216d
_223
100 1 _aGarcía Amado, Juan Antonio,
_eautor
_98604
245 1 0 _aDelito político :
_bal hilo de la decisión de la Corte Suprema de Justicia de Colombia de 11 de julio de 2007 : texto de la decisión y aclaración de voto /
_cJuan Antonio García Amado
250 _aPrimera edición
260 _aBogotá :
_bInstituto de Estudios del Ministerio Público : Procuraduria General de la Nación,
_c2007
300 _a87 páginas ;
_c24 cm.
490 0 _aColección de Derecho penal ;
_v10
500 _aInclye notas a pie de página.
505 0 _aDelito político. Al hilo de la decisión de la Corte Suprema de Justicia de Colombia de 11 de julio de 2007 -- Texto de la decisión -- Aclaración de voto
520 3 _aLa tormenta jurídica que ha desatado en Colombia la decisión de 11 de julio de 2007, preferida por la Sala de Casación Penal de la Corte Suprema de Justicia, tiene ya alcances internacionales.
650 1 4 _aDelitos políticos
_zColombia
_98605
650 1 4 _aJurisprudencia
_zColombia
_98606
942 _2ddc
_cBK
999 _c4686
_d4686